[Event "CECLUB Honor 2010"]
[Site "Sestao"]
[Date "2010.08.25"]
[Round "3.12"]
[White "Krasenkow, Michal"]
[Black "Ganguly, Surya Shekhar"]
[Result "1/2-1/2"]
[WhiteElo "2628"]
[BlackElo "2655"]
[PlyCount "27"]
[EventDate "2010.08.23"]
[EventType "team"]
[EventCountry "ESP"]
[Source "lmi"]
[SourceDate "2010.08.23"]

1. d4 Nf6 2. Nf3 g6 3. c4 Bg7 4. Nc3 d5 5. Qb3 dxc4 6. Qxc4 O-O 7. e4 a6 8. Qa4
b6 9. Bf4 Bb7 10. Qc2 Qc8 11. Bd3 Nc6 12. a3 Nh5 13. Be3 Qg4 14. O-O 1/2-1/2

[Event "CECLUB Honor 2010"]
[Site "Sestao"]
[Date "2010.08.25"]
[Round "3.14"]
[White "Matlakov, Maxim"]
[Black "Delchev, Aleksander"]
[Result "1/2-1/2"]
[WhiteElo "2603"]
[BlackElo "2632"]
[PlyCount "63"]
[EventDate "2010.08.23"]
[EventType "team"]
[EventCountry "ESP"]
[Source "lmi"]
[SourceDate "2010.08.23"]

1. d4 d5 2. c4 dxc4 3. Nf3 Nf6 4. Qa4+ c6 5. Qxc4 Bf5 6. g3 e6 7. Bg2 Nbd7 8.
O-O Be7 9. e3 O-O 10. Rd1 Qc7 11. Qe2 e5 12. Nc3 Rad8 13. h3 exd4 14. Nxd4 Bg6
15. e4 Bc5 16. Bf4 Ne5 17. Nf3 Nxf3+ 18. Bxf3 Qe7 19. e5 Nd7 20. h4 h6 21. Na4
Bb6 22. Bg4 Qc5 23. Qc4 Qe7 24. Qe2 Bc5 25. Qc4 Bb6 26. Rd6 Kh8 27. Rad1 Kg8
28. Qe2 Bc5 29. Qc4 a5 30. h5 Bh7 31. e6 Bg6 32. Bf3 1/2-1/2

[Event "CECLUB Honor 2010"]
[Site "Sestao"]
[Date "2010.08.25"]
[Round "3.16"]
[White "Galindo Rodriguez, Francisco"]
[Black "Bernal Moro, Luis Javier"]
[Result "1/2-1/2"]
[WhiteElo "2226"]
[BlackElo "2443"]
[PlyCount "50"]
[EventDate "2010.08.23"]
[EventType "team"]
[EventCountry "ESP"]
[Source "lmi"]
[SourceDate "2010.08.23"]

1. e4 c5 2. Nf3 e6 3. d4 cxd4 4. Nxd4 Nc6 5. g3 d6 6. Bg2 Bd7 7. O-O a6 8. c4
Rc8 9. b3 Be7 10. Bb2 Nf6 11. Nc3 Nxd4 12. Qxd4 b5 13. cxb5 axb5 14. a4 bxa4
15. bxa4 O-O 16. Ba3 e5 17. Qd3 Qa5 18. Nb5 Bxb5 19. Qxb5 Ra8 20. Bb4 Rab8 21.
Ba3 Ra8 22. Bb4 Rfb8 23. Rac1 Nd7 24. Ba3 Nf6 25. Bb2 Qd8 1/2-1/2

[Event "CECLUB Honor 2010"]
[Site "Sestao"]
[Date "2010.08.25"]
[Round "3.21"]
[White "Gashimov, Vugar"]
[Black "Navara, David"]
[Result "1-0"]
[WhiteElo "2719"]
[BlackElo "2731"]
[PlyCount "95"]
[EventDate "2010.08.23"]
[EventType "team"]
[EventCountry "ESP"]
[Source "lmi"]
[SourceDate "2010.08.23"]

1. e4 e5 2. Nf3 Nc6 3. Bb5 a6 4. Ba4 Nf6 5. O-O Be7 6. Re1 b5 7. Bb3 d6 8. c3
O-O 9. h3 Nb8 10. d4 Nbd7 11. Nbd2 Bb7 12. Bc2 Re8 13. Nf1 Bf8 14. Bg5 h6 15.
Bh4 exd4 16. cxd4 c5 17. d5 g6 18. Bg3 Nb6 19. b3 Bg7 20. Rc1 a5 21. Bd3 b4 22.
N3d2 a4 23. Ne3 axb3 24. axb3 Nh5 25. Bh2 Bb2 26. Bb5 Re7 27. Ng4 Nf6 28. Nxh6+
Kg7 29. Ng4 Bxc1 30. Qxc1 Nxg4 31. hxg4 Ra2 32. Nf1 Bc8 33. Bd3 Re8 34. g5 Ba6
35. Bb1 Ra3 36. Qb2+ Kg8 37. Ne3 c4 38. Ng4 c3 39. Qc1 Nxd5 40. Rd1 c2 41. Rxd5
cxb1=R 42. Qxb1 Bb7 43. Rxd6 Qxg5 44. Nf6+ Kh8 45. Nxe8 Bxe4 46. Qb2+ f6 47.
Bg3 Ra2 48. Qxf6+ 1-0

[Event "CECLUB Honor 2010"]
[Site "Sestao"]
[Date "2010.08.25"]
[Round "3.24"]
[White "Magem Badals, Jordi"]
[Black "Gustafsson, Jan"]
[Result "1/2-1/2"]
[WhiteElo "2589"]
[BlackElo "2643"]
[PlyCount "76"]
[EventDate "2010.08.23"]
[EventType "team"]
[EventCountry "ESP"]
[Source "lmi"]
[SourceDate "2010.08.23"]

1. e4 e5 2. Nf3 Nc6 3. Bb5 a6 4. Bxc6 dxc6 5. O-O Bg4 6. h3 Bh5 7. g4 Bg6 8.
Nxe5 Qh4 9. Qf3 f6 10. Nxg6 hxg6 11. Kg2 g5 12. d4 Ne7 13. Rh1 Qh7 14. Kg1
O-O-O 15. Be3 Kb8 16. Nd2 Qg8 17. b4 Ng6 18. c3 Bd6 19. Qe2 Rh6 20. a4 Qh7 21.
Qf3 Nh4 22. Qe2 Ng6 23. Qf3 Rh8 24. Re1 Bf4 25. Qg2 Kc8 26. a5 Qg8 27. Ra1 Qe6
28. Kf1 Nh4 29. Qg1 Ng6 30. Qg2 Nh4 31. Qg1 Bd6 32. Ke2 Ng6 33. Qg2 Nh4 34. Qf1
Ng6 35. Kd3 Nf4+ 36. Bxf4 Bxf4 37. Nc4 g6 38. Re1 Qf7 1/2-1/2

[Event "CECLUB Honor 2010"]
[Site "Sestao"]
[Date "2010.08.25"]
[Round "3.25"]
[White "Salgado Lopez, Ivan"]
[Black "Almeida Quintana, Omar"]
[Result "1/2-1/2"]
[WhiteElo "2607"]
[BlackElo "2559"]
[PlyCount "43"]
[EventDate "2010.08.23"]
[EventType "team"]
[EventCountry "ESP"]
[Source "lmi"]
[SourceDate "2010.08.23"]

1. e4 g6 2. d4 Bg7 3. Nf3 d6 4. Bc4 e6 5. Bb3 Ne7 6. O-O h6 7. Re1 Nd7 8. c3 b6
9. Nbd2 Bb7 10. Nf1 Nf6 11. Ng3 O-O 12. Bf4 Qd7 13. Bc2 Rad8 14. Qc1 Kh7 15. e5
Nfd5 16. Bd2 Nf5 17. Ne4 f6 18. exd6 cxd6 19. a4 Rc8 20. Qd1 e5 21. Bd3 Nc7 22.
Ng3 1/2-1/2

[Event "CECLUB Honor 2010"]
[Site "Sestao"]
[Date "2010.08.25"]
[Round "3.26"]
[White "Lopez Martinez, Josep Manuel"]
[Black "Graf, Alexander"]
[Result "1/2-1/2"]
[WhiteElo "2543"]
[BlackElo "2590"]
[PlyCount "58"]
[EventDate "2010.08.23"]
[EventType "team"]
[EventCountry "ESP"]
[Source "lmi"]
[SourceDate "2010.08.23"]

1. e4 e5 2. Nf3 Nc6 3. Bb5 g6 4. O-O Bg7 5. c3 a6 6. Ba4 d6 7. d4 Bd7 8. Re1 h6
9. dxe5 dxe5 10. Be3 Nge7 11. Qc1 Nc8 12. Nbd2 b6 13. Bb3 Na5 14. Bc2 Nd6 15.
b3 Be6 16. b4 Nab7 17. Ba4+ Bd7 18. Bxd7+ Qxd7 19. c4 c5 20. bxc5 bxc5 21. Rb1
Rc8 22. Rb3 O-O 23. Nb1 Na5 24. Rd3 Qe6 25. Bxh6 Naxc4 26. Nc3 Nb5 27. Bxg7
Kxg7 28. Ng5 Qe8 29. Nxb5 axb5 1/2-1/2

[Event "CECLUB Honor 2010"]
[Site "Sestao"]
[Date "2010.08.25"]
[Round "3.31"]
[White "Shirov, Alexei"]
[Black "Almasi, Zoltan"]
[Result "1/2-1/2"]
[WhiteElo "2749"]
[BlackElo "2717"]
[PlyCount "80"]
[EventDate "2010.08.23"]
[EventType "team"]
[EventCountry "ESP"]
[Source "lmi"]
[SourceDate "2010.08.23"]

1. d4 Nf6 2. c4 e6 3. Nf3 b6 4. g3 Ba6 5. Qa4 Bb7 6. Bg2 c5 7. dxc5 bxc5 8. O-O
Be7 9. Nc3 O-O 10. Rd1 Qb6 11. Bf4 Rd8 12. Rd2 d6 13. Rad1 Ne8 14. e4 Bc6 15.
Qc2 Qb7 16. Ne1 Nd7 17. Nd5 Bf8 18. Bg5 f6 19. Be3 Ne5 20. Nf4 Qe7 21. h3 Nc7
22. Ne2 Bb7 23. f4 Nc6 24. Nc3 d5 25. exd5 exd5 26. Re2 dxc4 27. Rxd8 Nxd8 28.
Nb5 Nxb5 29. Qxc4+ Qf7 30. Qxb5 Bxg2 31. Nxg2 Qxa2 32. Bxc5 Bxc5+ 33. Qxc5 Nf7
34. Qc6 Rf8 35. Ne3 Nd8 36. Qe4 Qe6 37. Nd5 Qxe4 38. Rxe4 Rf7 39. Re8+ Rf8 40.
Re7 Rf7 1/2-1/2

[Event "CECLUB Honor 2010"]
[Site "Sestao"]
[Date "2010.08.25"]
[Round "3.34"]
[White "Zhigalko, Andrey"]
[Black "Sargissian, Gabriel"]
[Result "1/2-1/2"]
[WhiteElo "2591"]
[BlackElo "2673"]
[PlyCount "123"]
[EventDate "2010.08.23"]
[EventType "team"]
[EventCountry "ESP"]
[Source "lmi"]
[SourceDate "2010.08.23"]

1. e4 c6 2. d4 d5 3. exd5 cxd5 4. c4 Nf6 5. Nc3 Nc6 6. Bg5 dxc4 7. Bxc4 h6 8.
Bxf6 exf6 9. Nf3 Bd6 10. O-O O-O 11. h3 Bf5 12. Re1 Nb4 13. Bb3 Rc8 14. Ne4 Bb8
15. Qd2 Nd5 16. Rac1 Rxc1 17. Qxc1 Nf4 18. Qc4 Be6 19. Qb5 b6 20. Bxe6 fxe6 21.
Nc3 Qe8 22. Qf1 Qc6 23. Re3 Nd5 24. Nxd5 Qxd5 25. Qb1 Rc8 26. Rc3 Rxc3 27. bxc3
Kf7 28. Qc2 Qc4 29. Nh4 Bd6 30. g3 f5 31. Nf3 b5 32. Qd2 Kf6 33. Kg2 a6 34. Ng1
b4 35. cxb4 Bxb4 36. Qe2 Qxe2 37. Nxe2 e5 38. g4 exd4 39. Nxd4 fxg4 40. hxg4
Bc5 41. Nf5 g6 42. Ng3 Ke5 43. Kf3 Kd4 44. Ne2+ Kc4 45. Nf4 g5 46. Ne6 Bb6 47.
Ke2 Kb4 48. f4 gxf4 49. Nxf4 Ka3 50. Ne6 Kxa2 51. g5 hxg5 52. Nxg5 a5 53. Ne4
Kb2 54. Kd3 a4 55. Nd2 Bc5 56. Nc4+ Kc1 57. Kc3 Bf8 58. Nb6 a3 59. Kb3 Kb1 60.
Nc4 a2 61. Nd2+ Kc1 62. Kxa2 1/2-1/2

[Event "CECLUB Honor 2010"]
[Site "Sestao"]
[Date "2010.08.25"]
[Round "3.35"]
[White "Cheparinov, Ivan"]
[Black "Llanes Hurtado, Miguel"]
[Result "1-0"]
[WhiteElo "2661"]
[BlackElo "2477"]
[PlyCount "109"]
[EventDate "2010.08.23"]
[EventType "team"]
[EventCountry "ESP"]
[Source "lmi"]
[SourceDate "2010.08.23"]

1. d4 Nf6 2. c4 c5 3. d5 b5 4. cxb5 a6 5. bxa6 g6 6. Nc3 Bxa6 7. Nf3 d6 8. g3
Bg7 9. Bg2 Nbd7 10. O-O Nb6 11. Re1 O-O 12. h3 Nfd7 13. Qc2 Nc4 14. Nd2 Nde5
15. b3 Qa5 16. bxc4 Nxc4 17. Ndb1 Rfb8 18. Rd1 Rxb1 19. Rxb1 Bxc3 20. Be4 Bf6
21. Rb3 Kg7 22. g4 h6 23. h4 Bxh4 24. Rh3 Bg5 25. Bd3 Nb6 26. Qb2+ Bf6 27.
Bxh6+ Kg8 28. Qb1 Bxd3 29. Rdxd3 Qb4 30. Rb3 Qxg4+ 31. Rbg3 Qd4 32. Qxb6 Qd1+
33. Kg2 Qxd5+ 34. Rf3 Qe4 35. Bf4 c4 36. Qe3 Qd5 37. Qd2 Qxd2 38. Bxd2 Rxa2 39.
Bc3 Bxc3 40. Rxc3 d5 41. e4 e6 42. exd5 exd5 43. Rh1 Kg7 44. Re1 Ra4 45. Re5 d4
46. Rc1 f5 47. Rc5 c3 48. Rc6 Ra2 49. Kf1 Kh6 50. Rc4 Rd2 51. Ke1 Kg5 52. Rd1
Rxd1+ 53. Kxd1 Kf4 54. Rxd4+ Kf3 55. Ke1 1-0

[Event "CECLUB Honor 2010"]
[Site "Sestao"]
[Date "2010.08.25"]
[Round "3.36"]
[White "Fernandez Romero, Ernesto"]
[Black "Perez Candelario, Manuel"]
[Result "1/2-1/2"]
[WhiteElo "2450"]
[BlackElo "2526"]
[PlyCount "25"]
[EventDate "2010.08.23"]
[EventType "team"]
[EventCountry "ESP"]
[Source "lmi"]
[SourceDate "2010.08.23"]

1. d4 d5 2. Nf3 Nf6 3. g3 c6 4. Bg2 Bf5 5. O-O h6 6. c4 e6 7. Nc3 Be7 8. Nd2
O-O 9. b3 Nbd7 10. Bb2 Re8 11. Re1 Bf8 12. e4 dxe4 13. Ndxe4 1/2-1/2

[Event "CECLUB Honor 2010"]
[Site "Sestao"]
[Date "2010.08.26"]
[Round "4.14"]
[White "Gustafsson, Jan"]
[Black "Matlakov, Maxim"]
[Result "1-0"]
[WhiteElo "2643"]
[BlackElo "2603"]
[PlyCount "53"]
[EventDate "2010.08.23"]
[EventType "team"]
[EventCountry "ESP"]
[Source "lmi"]
[SourceDate "2010.08.23"]

1. Nf3 d5 2. d4 Nf6 3. c4 c6 4. Nc3 e6 5. e3 Nbd7 6. Bd3 dxc4 7. Bxc4 b5 8. Bd3
Bd6 9. O-O O-O 10. Qc2 Bb7 11. a3 h6 12. e4 e5 13. dxe5 Nxe5 14. Nxe5 Bxe5 15.
h3 Qe7 16. Be3 Rfd8 17. Rfd1 Bc7 18. f4 Nd5 19. Nxd5 cxd5 20. e5 d4 21. Bf2 a6
22. Rac1 Bb6 23. Qe2 g6 24. Qg4 h5 25. Qg3 Re8 26. Re1 Bc7 27. Bxg6 1-0

[Event "CECLUB Honor 2010"]
[Site "Sestao"]
[Date "2010.08.26"]
[Round "4.15"]
[White "Galindo Rodriguez, Francisco"]
[Black "Salgado Lopez, Ivan"]
[Result "0-1"]
[WhiteElo "2226"]
[BlackElo "2607"]
[PlyCount "90"]
[EventDate "2010.08.23"]
[EventType "team"]
[EventCountry "ESP"]
[Source "lmi"]
[SourceDate "2010.08.23"]

1. e4 c5 2. Nf3 d6 3. c4 Bg4 4. h3 Bxf3 5. gxf3 Nc6 6. f4 Nf6 7. h4 g6 8. Nc3
Bh6 9. d3 e5 10. fxe5 Bxc1 11. Qxc1 dxe5 12. Qh6 Qd6 13. O-O-O O-O-O 14. Bh3+
Kb8 15. Nd5 Nd4 16. Qe3 Nh5 17. Bg4 Nf4 18. h5 f5 19. Bf3 Nxd5 20. exd5 g5 21.
Rde1 h6 22. Bd1 Rhe8 23. Qd2 Ka8 24. Rh3 a6 25. Rhe3 Re7 26. Qa5 Ka7 27. a4
Rde8 28. Kb1 b6 29. Qc3 Kb8 30. Ka2 b5 31. Bb3 Ra7 32. Rc1 b4 33. Qd2 Rb7 34.
Rf1 g4 35. a5 Qd8 36. Ba4 b3+ 37. Kb1 Ree7 38. Bc6 Rb4 39. Kc1 Qxa5 40. Kd1 Kc7
41. Qc1 Rb8 42. f4 gxf3 43. d6+ Kxd6 44. Bxf3 Rg8 45. Bd5 Rg5 0-1

[Event "CECLUB Honor 2010"]
[Site "Sestao"]
[Date "2010.08.26"]
[Round "4.16"]
[White "Graf, Alexander"]
[Black "Rubio Tapia, Jose Juan"]
[Result "1-0"]
[WhiteElo "2590"]
[BlackElo "2103"]
[PlyCount "47"]
[EventDate "2010.08.23"]
[EventType "team"]
[EventCountry "ESP"]
[Source "lmi"]
[SourceDate "2010.08.23"]

1. d4 Nf6 2. c4 g6 3. Nc3 Bg7 4. e4 d6 5. f3 O-O 6. Be3 Nbd7 7. Nh3 e5 8. Be2
Nh5 9. O-O f5 10. exf5 gxf5 11. f4 exf4 12. Bf2 Nhf6 13. Nxf4 Re8 14. Bh4 c6
15. Nh5 Qb6 16. Nxg7 Kxg7 17. Qd2 Ne4 18. Nxe4 Rxe4 19. c5 dxc5 20. Qg5+ Kh8
21. Bc4 Rg4 22. Qxg4 fxg4 23. Rf8+ Kg7 24. Rg8+ 1-0

[Event "CECLUB Honor 2010"]
[Site "Sestao"]
[Date "2010.08.26"]
[Round "4.22"]
[White "Ganguly, Surya Shekhar"]
[Black "Ponomariov, Ruslan"]
[Result "1/2-1/2"]
[WhiteElo "2655"]
[BlackElo "2734"]
[PlyCount "31"]
[EventDate "2010.08.23"]
[EventType "team"]
[EventCountry "ESP"]
[Source "lmi"]
[SourceDate "2010.08.23"]

1. e4 e5 2. Nf3 Nc6 3. Bb5 a6 4. Ba4 Nf6 5. O-O Be7 6. Re1 b5 7. Bb3 d6 8. c3
O-O 9. d4 Bg4 10. Be3 exd4 11. cxd4 d5 12. e5 Ne4 13. Nc3 Nxc3 14. bxc3 f5 15.
Bf4 g5 16. Bc1 1/2-1/2

[Event "CECLUB Honor 2010"]
[Site "Sestao"]
[Date "2010.08.26"]
[Round "4.31"]
[White "Bacrot, Etienne"]
[Black "Nakamura, Hikaru"]
[Result "1/2-1/2"]
[WhiteElo "2720"]
[BlackElo "2729"]
[PlyCount "164"]
[EventDate "2010.08.23"]
[EventType "team"]
[EventCountry "ESP"]
[Source "lmi"]
[SourceDate "2010.08.23"]

1. d4 Nf6 2. c4 g6 3. Nc3 Bg7 4. e4 d6 5. Be2 O-O 6. Nf3 e5 7. Be3 Ng4 8. Bg5
f6 9. Bh4 Nc6 10. d5 Ne7 11. Nd2 h5 12. h3 Nh6 13. f3 c5 14. g4 hxg4 15. hxg4
Nf7 16. Bd3 Bd7 17. Qe2 Nc8 18. Bf2 Bh6 19. Be3 Bxe3 20. Qxe3 Kg7 21. O-O-O Rh8
22. Rdg1 Ne7 23. Qe1 Qa5 24. Rxh8 Rxh8 25. Rh1 Qd8 26. Qg1 a6 27. Rh2 Ng5 28.
Qh1 Rxh2 29. Qxh2 Qb8 30. b3 b5 31. Qh1 b4 32. Nd1 Qh8 33. Qxh8+ Kxh8 34. Nf2
Kg7 35. Kd1 a5 36. Ke1 a4 37. Kf1 a3 38. Kg2 f5 39. Kg3 Nf7 40. Be2 Ng8 41. Bd3
Nf6 42. Be2 Ng8 43. Bd3 Ne7 44. Be2 Kf6 45. Bd3 Nd8 46. Bc2 Nb7 47. Bd3 Na5 48.
Bc2 Nc8 49. exf5 gxf5 50. gxf5 Bxf5 51. Bxf5 Kxf5 52. Nfe4 Kg6 53. Kg4 Nb7 54.
Nf1 Ne7 55. Ne3 Ng8 56. f4 Nh6+ 57. Kf3 exf4 58. Kxf4 Nf7 59. Kf3 Ng5+ 60. Nxg5
Kxg5 61. Nf1 Kf5 62. Ke3 Nd8 63. Nd2 Nf7 64. Ne4 Ke5 65. Kd3 Nh6 66. Ng5 Nf5
67. Ne6 Ng3 68. Ng5 Kf4 69. Nf7 Ne4 70. Kc2 Ke3 71. Nh6 Ng3 72. Nf7 Nf5 73. Kc1
Kf4 74. Kc2 Kg4 75. Kd2 Kg3 76. Kc2 Kf4 77. Kd2 Nd4 78. Kc1 Nf5 79. Kd2 Kg4 80.
Kc2 Kh5 81. Nd8 Kg6 82. Kd2 Kf6 1/2-1/2

[Event "CECLUB Honor 2010"]
[Site "Sestao"]
[Date "2010.08.26"]
[Round "4.32"]
[White "Vachier-Lagrave, Maxime"]
[Black "Kasimdzhanov, Rustam"]
[Result "1/2-1/2"]
[WhiteElo "2723"]
[BlackElo "2699"]
[PlyCount "40"]
[EventDate "2010.08.23"]
[EventType "team"]
[EventCountry "ESP"]
[Source "lmi"]
[SourceDate "2010.08.23"]

1. e4 e5 2. Nf3 Nc6 3. Bb5 a6 4. Ba4 Nf6 5. O-O Be7 6. Re1 b5 7. Bb3 d6 8. c3
O-O 9. h3 Nb8 10. d3 Nbd7 11. Nbd2 Bb7 12. Nf1 Nc5 13. Bc2 Re8 14. Ng3 Bf8 15.
Nh2 g6 16. f4 exf4 17. Bxf4 Ne6 18. Qf3 d5 19. Rad1 dxe4 20. dxe4 Qe7 1/2-1/2

[Event "CECLUB Honor 2010"]
[Site "Sestao"]
[Date "2010.08.26"]
[Round "4.33"]
[White "Van Wely, Loek"]
[Black "Short, Nigel D"]
[Result "1/2-1/2"]
[WhiteElo "2677"]
[BlackElo "2690"]
[PlyCount "66"]
[EventDate "2010.08.23"]
[EventType "team"]
[EventCountry "ESP"]
[Source "lmi"]
[SourceDate "2010.08.23"]

1. d4 Nf6 2. c4 e6 3. Nf3 Bb4+ 4. Nbd2 c5 5. a3 Bxd2+ 6. Bxd2 cxd4 7. Nxd4 Nc6
8. Nxc6 dxc6 9. Bb4 Qxd1+ 10. Rxd1 Ne4 11. a4 a5 12. Ba3 b6 13. g3 Bb7 14. Bg2
c5 15. f3 Nf6 16. Rd6 Nd7 17. Kf2 O-O-O 18. b3 Kc7 19. Rhd1 Nb8 20. Rxd8 Rxd8
21. Rxd8 Kxd8 22. Bb2 f6 23. g4 h6 24. e3 Ke7 25. h4 Nd7 26. f4 Bxg2 27. Kxg2
g6 28. Kf3 h5 29. g5 f5 30. Be5 Kd8 31. Ke2 Kc8 32. Kd3 Kb7 33. Kc3 Ka8 1/2-1/2

[Event "CECLUB Honor 2010"]
[Site "Sestao"]
[Date "2010.08.26"]
[Round "4.34"]
[White "Edouard, Romain"]
[Black "Hamdouchi, Hicham"]
[Result "1-0"]
[WhiteElo "2620"]
[BlackElo "2600"]
[PlyCount "105"]
[EventDate "2010.08.23"]
[EventType "team"]
[EventCountry "ESP"]
[Source "lmi"]
[SourceDate "2010.08.23"]

1. e4 d5 2. exd5 Qxd5 3. Nc3 Qa5 4. d4 Nf6 5. Bc4 Bg4 6. Nf3 Nc6 7. d5 O-O-O 8.
Bd2 Ne5 9. Bb3 Qa6 10. Qe2 Qxe2+ 11. Kxe2 a6 12. Bf4 Nxf3 13. gxf3 Bh5 14. Rhd1
h6 15. h4 g6 16. Rd3 Bg7 17. Re1 Nd7 18. Re3 Bf6 19. Bg3 Nc5 20. Kf1 Rd7 21.
Kg2 Kd8 22. Ne4 Nxe4 23. fxe4 Bd4 24. Rd3 Ba7 25. c4 Kc8 26. f3 Rdd8 27. Bc2 f6
28. b4 g5 29. hxg5 hxg5 30. c5 Bf7 31. Bb3 a5 32. a3 e5 33. Rc1 Be6 34. bxa5
Bh3+ 35. Kg1 Bd7 36. Rdc3 Rh5 37. Bd1 g4 38. f4 exf4 39. Bxf4 Re8 40. Rc4 f5
41. e5 Reh8 42. Kg2 Bb5 43. Rb4 Ba6 44. e6 Re8 45. Ba4 c6 46. Re1 Bxc5 47. d6
Rg8 48. e7 Kd7 49. Bb3 Bxb4 50. axb4 Rhh8 51. Be6+ Ke8 52. Bxf5 Kf7 53. d7 1-0

[Event "CECLUB Honor 2010"]
[Site "Sestao"]
[Date "2010.08.26"]
[Round "4.35"]
[White "Franco Alonso, Alejandro"]
[Black "Del Rio De Angelis, Salvador G"]
[Result "1/2-1/2"]
[WhiteElo "2480"]
[BlackElo "2521"]
[PlyCount "56"]
[EventDate "2010.08.23"]
[EventType "team"]
[EventCountry "ESP"]
[Source "lmi"]
[SourceDate "2010.08.23"]

1. d4 d5 2. c4 c6 3. Nf3 Nf6 4. e3 e6 5. b3 Bb4+ 6. Nbd2 O-O 7. a3 Bc3 8. Ra2
Nbd7 9. Qc2 Ba5 10. Bd3 Bc7 11. Bb2 h6 12. O-O Re8 13. Ne5 Nxe5 14. dxe5 Nd7
15. f4 f6 16. Bg6 Rf8 17. cxd5 cxd5 18. exf6 Nxf6 19. Nf3 Bb6 20. Bd4 Bxd4 21.
Nxd4 Ng4 22. Qe2 e5 23. fxe5 Rxf1+ 24. Qxf1 Nxe5 25. Bb1 Qe7 26. h3 Bd7 27. a4
Rf8 28. Rf2 Rxf2 1/2-1/2

[Event "CECLUB Honor 2010"]
[Site "Sestao"]
[Date "2010.08.26"]
[Round "4.36"]
[White "Romero Holmes, Alfonso"]
[Black "Gonzalez De La Torre, Santiago"]
[Result "1/2-1/2"]
[WhiteElo "2518"]
[BlackElo "2405"]
[PlyCount "39"]
[EventDate "2010.08.23"]
[EventType "team"]
[EventCountry "ESP"]
[Source "lmi"]
[SourceDate "2010.08.23"]

1. e4 c5 2. Nf3 e6 3. d4 cxd4 4. Nxd4 a6 5. g3 d5 6. Nb3 Nf6 7. exd5 exd5 8. h3
Bb4+ 9. c3 Bd6 10. Qe2+ Be6 11. Be3 O-O 12. N1d2 Re8 13. Bg2 Nc6 14. Nf3 Qc8
15. g4 Ne4 16. Qd3 Qc7 17. O-O Rad8 18. Nbd4 Bc8 19. Rad1 Ne7 20. Ng5 1/2-1/2